[Event "Winnipeg Woodbury Memorial"]
[Site "Winnipeg"]
[Date "2019.12.10"]
[Round "6.9"]
[White "Green, Jim"]
[Black "Melnyk, Jim"]
[Result "1-0"]
[WhiteElo "1835"]
[BlackElo "1670"]
[PlyCount "129"]
[EventDate "2019.11.05"]
[EventType "swiss"]
[EventRounds "6"]
[EventCountry "CAN"]
[SourceTitle "EXT 2023"]
[Source "ChessBase"]
[SourceDate "2022.10.05"]
[SourceVersion "1"]
[SourceVersionDate "2022.10.05"]
[SourceQuality "1"]

1. e4 Nc6 2. Nf3 Nf6 3. Nc3 d5 4. exd5 Nxd5 5. Nxd5 Qxd5 6. Be2 Bf5 7. d3 e5 8. 0-0 Be7 9. Bd2 0-0-0 10. Bc3 Bf6 11. Qc1 h6 12. Rd1 Rhe8 13. a4 g5 14. Ne1 Nd4 15. Bxd4 exd4 16. Bf3 Qc5 17. g3 Re7 18. Qd2 Rde8 19. b4 Qc3 20. Qxc3 dxc3 21. g4 Bg6 22. Ng2 Bd4 23. Re1 f5 24. Rxe7 Rxe7 25. Re1 Re5 26. Rxe5 Bxe5 27. Ne3 fxg4 28. Bxg4+ Kd8 29. Bf5 Bf7 30. Be4 c6 31. h3 Ba2 32. Kf1 Bb1 33. Ke2 Bd4 34. Kd1 Ke8 35. Bg6+ Kf8 36. Bh5 Kg8 37. Bg4 b6 38. Be6+ Kf8 39. Kc1 Bxc2 40. Kxc2 Ke8 41. Nd1 Ke7 42. Bg4 Kd6 43. f3 a5 44. bxa5 bxa5 45. Nxc3 Kc5 46. Kb3 Kb6 47. Kc4 Be3 48. d4 Bd2 49. Ne4 Bf4 50. Nf6 Bd6 51. Ng8 Bf8 52. Nf6 Bd6 53. Be6 Bb4 54. d5 Kb7 55. Ne8 cxd5+ 56. Kxd5 Kb6 57. Nf6 Bd2 58. Bf7 Bb4 59. Ke5 Kc6 60. Be8+ Kc7 61. Nd5+ Kd8 62. Nxb4 axb4 63. Bf7 Kc7 64. Kf5 Kb6 65. Bb3 1-0

[Event "Winnipeg op"]
[Site "Winnipeg"]
[Date "2019.06.11"]
[Round "2.1"]
[White "Green, Jim"]
[Black "Wiebe, Isaac"]
[Result "1/2-1/2"]
[WhiteElo "1861"]
[BlackElo "2281"]
[PlyCount "100"]
[EventDate "2019.06.04"]
[EventType "swiss"]
[EventRounds "8"]
[EventCountry "CAN"]
[SourceTitle "EXT 2023"]
[Source "ChessBase"]
[SourceDate "2022.10.05"]
[SourceVersion "1"]
[SourceVersionDate "2022.10.05"]
[SourceQuality "1"]

1. e4 c6 2. Nf3 d5 3. exd5 cxd5 4. d4 Nc6 5. h3 Bf5 6. Bd3 Bxd3 7. Qxd3 e6 8. c3 Bd6 9. 0-0 h6 10. Re1 Nf6 11. Nbd2 0-0 12. Ne5 Qc7 13. Nxc6 Qxc6 14. a4 a6 15. b3 Rac8 16. Bb2 Bb8 17. Rec1 Qc7 18. Nf1 Rfd8 19. a5 Rd6 20. c4 dxc4 21. Rxc4 Rc6 22. Rxc6 Qxc6 23. Rc1 Qd7 24. Rxc8+ Qxc8 25. Qc4 Qd7 26. Ne3 Qc7 27. Qxc7 Bxc7 28. Nc4 Nd5 29. Ba3 Kh7 30. g3 Nc3 31. Kf1 Nb5 32. Bc5 Kg6 33. b4 Kf5 34. Nd2 g5 35. Ke2 e5 36. g4+ Ke6 37. dxe5 Kxe5 38. Kd3 f5 39. Nc4+ Kf6 40. gxf5 Kxf5 41. Ne3+ Kf4 42. Ng4 h5 43. Nf6 h4 44. Be3+ Kf5 45. Ng4 Bd6 46. Bd2 Be7 47. Nh6+ Kg6 48. Ng4 Kf5 49. Nh6+ Kg6 50. Ng4 Kf5 1/2-1/2

[Event "Winnipeg Divinsky Memorial"]
[Site "Winnipeg"]
[Date "2019.04.30"]
[Round "5.4"]
[White "Crawford, Gary"]
[Black "Green, Jim"]
[Result "1/2-1/2"]
[WhiteElo "1584"]
[BlackElo "1871"]
[PlyCount "47"]
[EventDate "2019.04.02"]
[EventType "swiss"]
[EventRounds "4"]
[EventCountry "CAN"]
[SourceTitle "EXT 2022"]
[Source "ChessBase"]
[SourceDate "2021.10.06"]
[SourceVersion "1"]
[SourceVersionDate "2021.10.06"]
[SourceQuality "1"]

1. e4 e5 2. Nf3 Nf6 3. Nxe5 d6 4. Nf3 Nxe4 5. Qe2 Qe7 6. d4 d5 7. h3 Nc6 8. Nbd2 Nxd2 9. Bxd2 Qxe2+ 10. Bxe2 Bd6 11. 0-0-0 h6 12. c3 Be6 13. Rde1 0-0-0 14. Bb5 a6 15. Ba4 b5 16. Bc2 Rhe8 17. Re2 Bd7 18. Rhe1 Rxe2 19. Rxe2 Re8 20. Rxe8+ Bxe8 21. Nh4 Bd7 22. Nf5 Bf8 23. Ne3 Ne7 24. Kd1 1/2-1/2

[Event "Winnipeg Rosenbloom Memorial"]
[Site "Winnipeg"]
[Date "2017.11.28"]
[Round "4"]
[White "Green, Jim"]
[Black "Czypinski, Jaroslaw"]
[Result "1-0"]
[WhiteElo "1871"]
[BlackElo "1933"]
[PlyCount "105"]
[EventDate "2017.11.07"]
[EventType "swiss"]
[EventRounds "7"]
[EventCountry "CAN"]
[SourceTitle "EXT 2022"]
[Source "ChessBase"]
[SourceDate "2021.10.06"]
[SourceVersion "1"]
[SourceVersionDate "2021.10.06"]
[SourceQuality "1"]

1. e4 d5 2. exd5 Qxd5 3. Nf3 Bg4 4. Be2 Bxf3 5. Bxf3 Qe5+ 6. Qe2 Qxe2+ 7. Kxe2 c6 8. d4 Nf6 9. c4 e6 10. Nc3 Nbd7 11. Bf4 Nb6 12. b3 g6 13. Rad1 Bg7 14. Rd3 0-0 15. Rhd1 Rfe8 16. Kf1 Rad8 17. a4 Nbd7 18. a5 Nh5 19. Bc7 Rc8 20. Bd6 Bf8 21. Bxf8 Kxf8 22. Ne4 Red8 23. Bxh5 gxh5 24. Rh3 Ke7 25. Rxh5 Rh8 26. f4 Nf6 27. Nxf6 Kxf6 28. Kf2 Rc7 29. Rd3 Rd7 30. g4 h6 31. d5 cxd5 32. cxd5 exd5 33. Rhxd5 Rxd5 34. Rxd5 Rc8 35. Rb5 Rc7 36. Kg3 Kg6 37. f5+ Kg7 38. Kh4 f6 39. b4 Rd7 40. Rc5 Re7 41. b5 Rd7 42. b6 axb6 43. axb6 Rd2 44. h3 Rd3 45. Rc7+ Kg8 46. Rxb7 Rb3 47. Kh5 Rxh3+ 48. Kg6 Kf8 49. Kxf6 Kg8 50. Kg6 Kf8 51. f6 Ke8 52. f7+ Kf8 53. Rb8+ 1-0

[Event "Winnipeg Rosenbloom Memorial"]
[Site "Winnipeg"]
[Date "2017.11.21"]
[Round "3"]
[White "Magyar, Peter"]
[Black "Green, Jim"]
[Result "0-1"]
[WhiteElo "1506"]
[BlackElo "1871"]
[PlyCount "42"]
[EventDate "2017.11.07"]
[EventType "swiss"]
[EventRounds "7"]
[EventCountry "CAN"]
[SourceTitle "EXT 2022"]
[Source "ChessBase"]
[SourceDate "2021.10.06"]
[SourceVersion "1"]
[SourceVersionDate "2021.10.06"]
[SourceQuality "1"]

1. d4 d5 2. Bf4 Nf6 3. h3 c6 4. Nf3 e6 5. e3 Bd6 6. Ne5 0-0 7. Be2 Qc7 8. Nd2 Nbd7 9. Ndf3 Ne4 10. 0-0 f6 11. Rc1 fxe5 12. Bh2 exd4 13. exd4 Bxh2+ 14. Nxh2 e5 15. c4 Qb6 16. cxd5 cxd5 17. dxe5 Nxf2 18. Qxd5+ Kh8 19. Qd6 Nxh3+ 20. Kh1 Qg1+ 21. Rxg1 Nf2# 0-1

[Event "Winnipeg TNT April op"]
[Site "Winnipeg"]
[Date "2017.04.04"]
[Round "1"]
[White "Green, Jim"]
[Black "Piche, Zachary"]
[Result "1-0"]
[WhiteElo "1842"]
[BlackElo "1350"]
[PlyCount "61"]
[EventDate "2017.04.04"]
[EventType "swiss"]
[EventRounds "4"]
[EventCountry "CAN"]
[SourceTitle "EXT 2022"]
[Source "ChessBase"]
[SourceDate "2021.10.06"]
[SourceVersion "1"]
[SourceVersionDate "2021.10.06"]
[SourceQuality "1"]

1. e4 c5 2. Nf3 d6 3. Bb5+ Bd7 4. Bxd7+ Qxd7 5. 0-0 Nf6 6. Qe2 g6 7. Rd1 Bg7 8. Nc3 Nc6 9. d4 cxd4 10. Nxd4 Nxd4 11. Rxd4 Ng4 12. Rd1 Ne5 13. f4 Nc6 14. e5 0-0 15. Be3 Qe6 16. Nb5 Rfc8 17. exd6 exd6 18. Rxd6 Qe7 19. Qd2 Rd8 20. Bc5 Rxd6 21. Qxd6 Qxd6 22. Nxd6 Bxb2 23. Rb1 Bd4+ 24. Bxd4 Nxd4 25. Rxb7 Nxc2 26. Nxf7 Rf8 27. Nh6+ Kh8 28. g3 Ra8 29. Kf2 Nd4 30. Ng4 a5 31. Nf6 1-0

[Event "Winnipeg TNT March op"]
[Site "Winnipeg"]
[Date "2017.03.28"]
[Round "4.4"]
[White "Green, Jim"]
[Black "Konara, Harshani"]
[Result "1/2-1/2"]
[WhiteElo "1835"]
[BlackElo "1903"]
[PlyCount "59"]
[EventDate "2017.03.07"]
[EventType "swiss"]
[EventRounds "4"]
[EventCountry "CAN"]
[SourceTitle "EXT 2022"]
[Source "ChessBase"]
[SourceDate "2021.10.06"]
[SourceVersion "1"]
[SourceVersionDate "2021.10.06"]
[SourceQuality "1"]

1. e4 d5 2. exd5 Qxd5 3. Nc3 Qd8 4. d4 c6 5. Bc4 Bf5 6. Nf3 e6 7. 0-0 Nf6 8. Bg5 h6 9. Bf4 Bd6 10. Be5 0-0 11. Bb3 Bc7 12. Bxc7 Qxc7 13. Qe2 Nbd7 14. Rad1 Rad8 15. h3 Nd5 16. Nxd5 cxd5 17. c3 Nf6 18. Bc2 Bxc2 19. Qxc2 Ne4 20. Nd2 Nd6 21. Rfe1 Nf5 22. Nf3 Qc4 23. Ne5 Qc7 24. Qe2 Qe7 25. Nf3 Nd6 26. Qc2 Qc7 27. Rc1 Rc8 28. Nd2 Nf5 29. Nf3 Qd6 30. Qe2 1/2-1/2

[Event "Winnipeg TNT January op"]
[Site "Winnipeg"]
[Date "2017.01.10"]
[Round "1.4"]
[White "Valentino, Marcos"]
[Black "Green, Jim"]
[Result "1-0"]
[WhiteElo "2210"]
[BlackElo "1862"]
[PlyCount "145"]
[EventDate "2017.01.10"]
[EventType "swiss"]
[EventRounds "4"]
[EventCountry "CAN"]
[SourceTitle "EXT 2022"]
[Source "ChessBase"]
[SourceDate "2021.10.06"]
[SourceVersion "1"]
[SourceVersionDate "2021.10.06"]
[SourceQuality "1"]

1. Nf3 d5 2. d4 Nf6 3. c4 c6 4. Nc3 a6 5. cxd5 cxd5 6. g3 Nc6 7. Bg2 e6 8. 0-0 Be7 9. a3 0-0 10. b4 b5 11. Bb2 Bb7 12. Rc1 Rc8 13. Re1 Qb6 14. Qd3 Rfd8 15. e3 Bf8 16. Nd2 e5 17. Nb3 e4 18. Qe2 Bxb4 19. axb4 Nxb4 20. Nc5 Rc7 21. Ba3 Nd3 22. Nxd3 exd3 23. Qxd3 b4 24. Na4 Rxc1 25. Bxc1 Qc6 26. Nc5 a5 27. Bd2 Qb6 28. Qb3 Ne4 29. Bxe4 dxe4 30. Bxb4 axb4 31. Rb1 Bd5 32. Qxb4 Qd6 33. Qb6 g6 34. Qxd6 Rxd6 35. Kg2 Rd8 36. g4 h6 37. Kg3 g5 38. Rb6 Kg7 39. Ra6 Kh7 40. Ra7 Kg7 41. Re7 Kf8 42. Ra7 Kg7 43. Rd7 Rxd7 44. Nxd7 f6 45. Nc5 Kf7 46. f3 exf3 47. e4 Bc4 48. Kxf3 Ke7 49. Ke3 Kd6 50. Na4 Bf1 51. Nc3 Bh3 52. Kf3 Bf1 53. Nd1 Bb5 54. Ne3 Bd7 55. Nf5+ Bxf5 56. gxf5 h5 57. h3 Ke7 58. e5 fxe5 59. dxe5 Kf7 60. Kg3 Ke7 61. h4 g4 62. Kf4 Kf7 63. Ke4 Ke7 64. e6 Kf6 65. Kf4 Ke7 66. Ke5 g3 67. f6+ Kf8 68. Kd6 g2 69. Kd7 g1Q 70. e7+ Kg8 71. e8Q+ Kh7 72. Qxh5+ Kg8 73. Qg5+ 1-0

[Event "Winnipeg Campbell Memorial"]
[Site "Winnipeg"]
[Date "2016.11.15"]
[Round "3"]
[White "Pryce, Brian"]
[Black "Green, Jim"]
[Result "0-1"]
[WhiteElo "1793"]
[BlackElo "1776"]
[PlyCount "106"]
[EventDate "2016.11.01"]
[EventType "swiss"]
[EventRounds "7"]
[EventCountry "CAN"]
[SourceTitle "EXT 2022"]
[Source "ChessBase"]
[SourceDate "2021.10.06"]
[SourceVersion "1"]
[SourceVersionDate "2021.10.06"]
[SourceQuality "1"]

1. d4 f5 2. c4 Nf6 3. Nc3 e6 4. Bg5 Be7 5. e3 0-0 6. Nf3 d6 7. Be2 Ne4 8. Bxe7 Qxe7 9. Qc2 Nxc3 10. Qxc3 b6 11. d5 e5 12. 0-0-0 Nd7 13. Rdf1 a5 14. h3 Nc5 15. Nd2 Bd7 16. f3 c6 17. dxc6 Bxc6 18. Kb1 a4 19. a3 Rfb8 20. Rd1 Rb7 21. g4 f4 22. h4 Rab8 23. exf4 exf4 24. Rde1 Qf8 25. h5 h6 26. g5 Qf5+ 27. Ka2 hxg5 28. Reg1 Re8 29. Rh2 Re3 30. Qc1 Qf6 31. Rhg2 Rbe7 32. Rxg5 Rxe2 33. Rg6 Qd4 34. h6 Kh7 35. Qc2 Qd3 36. hxg7 Kg8 37. Qxd3 Nxd3 38. Rxd6 Rxd2 39. Rxc6 Rxb2+ 40. Ka1 Re8 41. Rh6 Kf7 42. Rh8 Rg8 43. Rh7 Re2 44. Rh6 Re1+ 45. Rxe1 Nxe1 46. Rxb6 Rxg7 47. Rb7+ Kf6 48. Rxg7 Kxg7 49. Kb2 Nxf3 50. Kc3 Ne5 51. Kd4 Kf6 52. c5 f3 53. Ke3 Ke6 0-1

[Event "Winnipeg Campbell Memorial"]
[Site "Winnipeg"]
[Date "2016.11.01"]
[Round "1"]
[White "Marshall, Ken"]
[Black "Green, Jim"]
[Result "0-1"]
[WhiteElo "1456"]
[BlackElo "1776"]
[PlyCount "80"]
[EventDate "2016.11.01"]
[EventType "swiss"]
[EventRounds "7"]
[EventCountry "CAN"]
[SourceTitle "EXT 2022"]
[Source "ChessBase"]
[SourceDate "2021.10.06"]
[SourceVersion "1"]
[SourceVersionDate "2021.10.06"]
[SourceQuality "1"]

1. e4 e5 2. Nf3 Nf6 3. Nxe5 d6 4. Nf3 Nxe4 5. d3 Nf6 6. h3 Be7 7. Nc3 0-0 8. b3 d5 9. Bb2 d4 10. Ne4 Nxe4 11. dxe4 Bb4+ 12. Nd2 Re8 13. Bd3 c5 14. 0-0 Nc6 15. Qf3 Bxd2 16. Rad1 Bh6 17. c3 Ne5 18. Qe2 Nxd3 19. Rxd3 Qe7 20. cxd4 cxd4 21. Rxd4 Bd7 22. Re1 Bc6 23. Qd3 Rad8 24. e5 Rxd4 25. Bxd4 Qg5 26. f3 a6 27. Qc4 Bxf3 28. Qf1 Bd5 29. Be3 Qg6 30. Bd4 Qg3 31. Bf2 Qg6 32. Bd4 Bg5 33. a4 Bd8 34. b4 Bb6 35. Bxb6 Qxb6+ 36. Kh1 Qxb4 37. Rb1 Qxa4 38. Rd1 Qb3 39. Rd3 Bc4 40. Rxb3 Bxf1 0-1

[Event "Canadian op U2000"]
[Site "Windsor"]
[Date "2016.07.16"]
[Round "7.27"]
[White "Piccinin, Mario"]
[Black "Green, Jim"]
[Result "1/2-1/2"]
[WhiteElo "1809"]
[BlackElo "1888"]
[PlyCount "124"]
[EventDate "2016.07.10"]
[EventType "swiss"]
[EventRounds "9"]
[EventCountry "CAN"]
[SourceTitle "EXT 2022"]
[Source "ChessBase"]
[SourceDate "2021.10.06"]
[SourceVersion "1"]
[SourceVersionDate "2021.10.06"]
[SourceQuality "1"]

1. f4 d6 2. Nf3 Bg4 3. e4 e5 4. Bc4 Bxf3 5. Qxf3 Qd7 6. 0-0 Nc6 7. c3 0-0-0 8. b4 Nf6 9. Bd5 exf4 10. d4 Nxd5 11. exd5 Ne7 12. Bxf4 Ng6 13. Bg3 Be7 14. Nd2 Rdf8 15. c4 h5 16. c5 Qg4 17. Qf5+ Qxf5 18. Rxf5 Bf6 19. Nb3 Kd7 20. b5 b6 21. Rc1 bxc5 22. dxc5 Be5 23. c6+ Ke7 24. Re1 f6 25. a4 h4 26. Bf2 Ra8 27. a5 Rhc8 28. Nd4 Kf7 29. b6 axb6 30. axb6 cxb6 31. Ne6 Ne7 32. Rfxe5 fxe5 33. Rd1 Ra5 34. Bxh4 Nxd5 35. Nd8+ Rxd8 36. Bxd8 Ke6 37. Rb1 Rc5 38. Bxb6 Rxc6 39. Ba5 Rc2 40. Rb3 Ra2 41. Be1 Nf4 42. g3 Ne2+ 43. Kf1 Nd4 44. Rb7 g6 45. Bf2 Nf3 46. h4 Nh2+ 47. Kg1 Ng4 48. Be1 e4 49. Rg7 Ne5 50. Bc3 Nf3+ 51. Kf1 Kf5 52. g4+ Kxg4 53. Rxg6+ Kxh4 54. Rxd6 Kg4 55. Rg6+ Kf5 56. Rf6+ Kg5 57. Re6 Rc2 58. Bg7 Kf5 59. Rf6+ Kg4 60. Rg6+ Kh5 61. Re6 Kg5 62. Bh6+ Kf5 1/2-1/2

[Event "Albert Boxer Classic op"]
[Site "Winnipeg"]
[Date "2016.03.22"]
[Round "4"]
[White "Baron, Gustav L"]
[Black "Green, Jim"]
[Result "1-0"]
[WhiteElo "2011"]
[BlackElo "1900"]
[PlyCount "96"]
[EventDate "2016.03.01"]
[EventType "swiss"]
[EventRounds "5"]
[EventCountry "CAN"]
[SourceTitle "EXT 2019"]
[Source "ChessBase"]
[SourceDate "2018.10.10"]
[SourceVersion "1"]
[SourceVersionDate "2018.10.10"]
[SourceQuality "1"]

1. d4 d5 2. c4 c6 3. Nc3 Nf6 4. cxd5 cxd5 5. Bf4 Nc6 6. e3 a6 7. Bd3 g6 8. Nf3 Bg7 9. h3 0-0 10. 0-0 b5 11. Rc1 Bb7 12. a4 b4 13. Nb1 Rc8 14. Nbd2 Na5 15. Qe2 Qb6 16. Ne5 Rfd8 17. g4 Nd7 18. Nxd7 Rxd7 19. Rxc8+ Bxc8 20. Rc1 Bb7 21. Qd1 f6 22. Nf3 e6 23. Qc2 Nc6 24. Bf1 e5 25. dxe5 fxe5 26. Bg3 d4 27. e4 h6 28. Bd3 Kh7 29. Qc5 Qxc5 30. Rxc5 Rf7 31. Nxe5 Nxe5 32. Bxe5 Bxe5 33. Rxe5 Kg7 34. Kg2 g5 35. b3 Rd7 36. Kf1 Kf6 37. Rf5+ Kg6 38. f3 Rf7 39. e5 Kg7 40. Bc4 Rxf5 41. gxf5 a5 42. Ke2 Bc8 43. f6+ Kg6 44. f7 Kg7 45. e6 Kf8 46. Kd3 Bb7 47. Kxd4 Bxf3 48. Ke5 Ke7 1-0

[Event "Winnipeg Mundwiler Memorial"]
[Site "Winnipeg"]
[Date "2015.10.13"]
[Round "2"]
[White "Wolchock, Theo"]
[Black "Green, Jim"]
[Result "1/2-1/2"]
[WhiteElo "1919"]
[BlackElo "1877"]
[PlyCount "60"]
[EventDate "2015.10.06"]
[EventType "swiss"]
[EventRounds "4"]
[EventCountry "CAN"]
[SourceTitle "EXT 2022"]
[Source "ChessBase"]
[SourceDate "2021.10.06"]
[SourceVersion "1"]
[SourceVersionDate "2021.10.06"]
[SourceQuality "1"]

1. c4 b6 2. g3 Bb7 3. Nf3 e6 4. Bg2 f5 5. 0-0 Nf6 6. Nc3 Be7 7. d3 0-0 8. a3 a5 9. Bd2 Na6 10. Qc2 Qe8 11. Rab1 Qh5 12. Na2 Rac8 13. b4 axb4 14. axb4 Ng4 15. h3 Nf6 16. Qd1 h6 17. h4 Ng4 18. Nh2 Bxg2 19. Kxg2 Nxh2 20. Kxh2 f4 21. Kg2 Qg4 22. Kh2 Bd6 23. Bxf4 Bxf4 24. e3 Qxd1 25. Rbxd1 Bd6 26. Rb1 Rf3 27. Kg2 Rcf8 28. d4 c5 29. bxc5 Nxc5 30. dxc5 Bxc5 1/2-1/2

[Event "Winnipeg Mundwiler Memorial"]
[Site "Winnipeg"]
[Date "2015.10.06"]
[Round "1.4"]
[White "Magyar, Peter"]
[Black "Green, Jim"]
[Result "0-1"]
[WhiteElo "1488"]
[BlackElo "1877"]
[PlyCount "62"]
[EventDate "2015.10.06"]
[EventType "swiss"]
[EventRounds "4"]
[EventCountry "CAN"]
[SourceTitle "EXT 2022"]
[Source "ChessBase"]
[SourceDate "2021.10.06"]
[SourceVersion "1"]
[SourceVersionDate "2021.10.06"]
[SourceQuality "1"]

1. d4 d5 2. Bf4 Nf6 3. e3 e6 4. Nd2 Bd6 5. Bg3 0-0 6. Ngf3 c5 7. c3 c4 8. Be2 Nc6 9. Qc2 Qc7 10. 0-0 Bxg3 11. fxg3 h6 12. Rf2 b5 13. b4 Bb7 14. Nh4 a5 15. Qb2 axb4 16. cxb4 Ra7 17. a3 Rfa8 18. Nb1 Ne4 19. Rf3 g5 20. Nc3 Nxc3 21. Qxc3 gxh4 22. gxh4 Qe7 23. Qe1 f5 24. Qg3+ Kh7 25. Rf4 Rg8 26. Qf2 Nxb4 27. h3 Nc6 28. Bg4 Bc8 29. Bh5 b4 30. a4 b3 31. Rxf5 exf5 0-1

[Event "Winnipeg May TNT"]
[Site "Winnipeg"]
[Date "2015.05.26"]
[Round "4.4"]
[White "Green, Jim"]
[Black "Wasserman, Leor"]
[Result "0-1"]
[WhiteElo "1863"]
[BlackElo "2076"]
[PlyCount "72"]
[EventDate "2015.05.05"]
[EventType "swiss"]
[EventRounds "4"]
[EventCountry "CAN"]
[SourceTitle "EXT 2019"]
[Source "ChessBase"]
[SourceDate "2018.10.10"]
[SourceVersion "1"]
[SourceVersionDate "2018.10.10"]
[SourceQuality "1"]

1. e4 e5 2. Nf3 Nc6 3. d4 exd4 4. Nxd4 Bc5 5. Nxc6 bxc6 6. Qf3 Qe7 7. Bd3 Nf6 8. 0-0 0-0 9. Bg5 Bd4 10. c3 Be5 11. Qe3 h6 12. Bxf6 Bxf6 13. f4 d6 14. Nd2 Rb8 15. Rab1 c5 16. Rfe1 Rxb2 17. e5 Rxb1 18. Bxb1 dxe5 19. fxe5 Bg5 20. Qe4 g6 21. Nf3 h5 22. Qa4 Bd7 23. Qb3 Be6 24. c4 Bh6 25. Be4 Rd8 26. Bc6 Bg7 27. h3 g5 28. Bd5 g4 29. Bxe6 Qxe6 30. Ng5 Qf5 31. h4 Bxe5 32. Qb1 Qxb1 33. Rxb1 Rd4 34. Rf1 Bf4 35. g3 Bxg5 36. hxg5 Rxc4 0-1

[Event "Winnipeg May TNT"]
[Site "Winnipeg"]
[Date "2015.05.19"]
[Round "3.4"]
[White "Boron, Anthony"]
[Black "Green, Jim"]
[Result "1-0"]
[WhiteElo "2075"]
[BlackElo "1863"]
[PlyCount "50"]
[EventDate "2015.05.05"]
[EventType "swiss"]
[EventRounds "4"]
[EventCountry "CAN"]
[SourceTitle "EXT 2019"]
[Source "ChessBase"]
[SourceDate "2018.10.10"]
[SourceVersion "1"]
[SourceVersionDate "2018.10.10"]
[SourceQuality "1"]

1. e4 e5 2. Nf3 Nf6 3. Nxe5 d6 4. Nf3 Nxe4 5. Nc3 Nxc3 6. dxc3 Be7 7. Be3 Nc6 8. Bd3 Ne5 9. Nxe5 dxe5 10. 0-0 g6 11. f4 exf4 12. Rxf4 0-0 13. Rd4 Bd6 14. Qf3 c5 15. Rd5 Qc7 16. Bh6 Re8 17. Bb5 Re6 18. Rad1 Qe7 19. Rf1 Re1 20. Bf4 Rxf1+ 21. Kxf1 Bxf4 22. Qxf4 Be6 23. Rd2 a6 24. Bc4 Re8 25. Be2 Bc4 1-0

[Event "Victoria Grand Pacific op 9th"]
[Site "Victoria"]
[Date "2015.04.04"]
[Round "2"]
[White "Green, Jim"]
[Black "Ozkan, Charlie"]
[Result "1/2-1/2"]
[WhiteElo "1877"]
[BlackElo "2041"]
[PlyCount "53"]
[EventDate "2015.04.03"]
[EventType "swiss"]
[EventRounds "6"]
[EventCountry "CAN"]
[SourceTitle "CBM 166 Extra"]
[Source "ChessBase"]
[SourceDate "2015.06.18"]
[SourceVersion "1"]
[SourceVersionDate "2015.06.18"]
[SourceQuality "1"]

1. e4 d6 2. d4 g6 3. Bc4 Bg7 4. Ne2 e6 5. Be3 Ne7 6. Nbc3 0-0 7. Qd2 a6 8. Bh6 b5 9. Bxg7 Kxg7 10. Bd3 Nbc6 11. 0-0 Nb4 12. a3 Nxd3 13. Qxd3 Bb7 14. Rad1 Nc6 15. b4 Qh4 16. Qg3 Qxg3 17. Nxg3 Rae8 18. Nge2 f5 19. f3 Ne7 20. e5 Nd5 21. Nxd5 Bxd5 22. Nc3 Bc4 23. Rfe1 d5 24. Nb1 g5 25. Nd2 c6 26. Nxc4 dxc4 27. c3 1/2-1/2

[Event "Winnipeg March TNT"]
[Site "Winnipeg"]
[Date "2015.03.31"]
[Round "5.5"]
[White "Green, Jim"]
[Black "Atem, James"]
[Result "1/2-1/2"]
[WhiteElo "1872"]
[BlackElo "1881"]
[PlyCount "76"]
[EventDate "2015.03.03"]
[EventType "swiss"]
[EventRounds "5"]
[EventCountry "CAN"]
[SourceTitle "EXT 2019"]
[Source "ChessBase"]
[SourceDate "2018.10.10"]
[SourceVersion "1"]
[SourceVersionDate "2018.10.10"]
[SourceQuality "1"]

1. e4 c5 2. Nf3 Nc6 3. Bb5 Qc7 4. Nc3 e6 5. 0-0 Be7 6. d4 cxd4 7. Nxd4 Nxd4 8. Qxd4 Bf6 9. Qe3 Ne7 10. Bd2 a6 11. Be2 Nc6 12. Bd3 0-0 13. Qh3 g6 14. f4 Qb6+ 15. Kh1 Qxb2 16. e5 Bg7 17. Rfb1 Qa3 18. Ne4 Qe7 19. Bc3 Rd8 20. Nd6 b5 21. Be4 Rb8 22. Bxc6 dxc6 23. Ba5 Rd7 24. Bb4 Qd8 25. Bc5 Qa5 26. a3 Qd2 27. Qf3 Qd5 28. Qe3 Rxd6 29. Bxd6 Ra8 30. Rd1 Qc4 31. Qb6 h5 32. Bc5 Qxf4 33. Bd6 Qc4 34. Qd8+ Kh7 35. Qe7 c5 36. Rf1 Qc3 37. Rad1 Qxc2 38. Rc1 Qb2 1/2-1/2